<?xml version="1.0" encoding="UTF-8"?>
<collection xmlns="http://www.loc.gov/MARC21/slim">
 <record>
  <leader>01624aam a22002178a 4500</leader>
  <controlfield tag="001">NCT_4221</controlfield>
  <controlfield tag="008">070105s2006                  ||||||viesd</controlfield>
  <datafield tag="999" ind1=" " ind2=" ">
   <subfield code="c">213</subfield>
   <subfield code="d">213</subfield>
  </datafield>
  <datafield tag="020" ind1=" " ind2=" ">
   <subfield code="c">68000</subfield>
  </datafield>
  <datafield tag="082" ind1="0" ind2="4">
   <subfield code="2">23rd ed.</subfield>
   <subfield code="a">005.362</subfield>
   <subfield code="b">S464</subfield>
  </datafield>
  <datafield tag="100" ind1="1" ind2=" ">
   <subfield code="a">Hoàng Trung Sơn</subfield>
  </datafield>
  <datafield tag="245" ind1="1" ind2="0">
   <subfield code="a">Bài tập lập trình Pascal :</subfield>
   <subfield code="b">Bài tập giải sẵn. Đề thi Olympic tin học sinh viên</subfield>
   <subfield code="c">Hoàng Trung Sơn (chủ biên), Hoàng Ngọc Bắc</subfield>
  </datafield>
  <datafield tag="260" ind1=" " ind2=" ">
   <subfield code="a">H.</subfield>
   <subfield code="b">Khoa học và Kỹ thuật</subfield>
   <subfield code="c">2006</subfield>
  </datafield>
  <datafield tag="300" ind1=" " ind2=" ">
   <subfield code="a">455tr.</subfield>
   <subfield code="b">bảng</subfield>
   <subfield code="c">24cm</subfield>
  </datafield>
  <datafield tag="520" ind1="3" ind2=" ">
   <subfield code="a">Nội dung tài liệu giới thiệu tóm tắt lý thuyết và bài tập lập trình Pascal bao gồm: sử dụng biểu thức câu lệnh, các lệnh có cấu trúc, kiểu mảng và tập hợp, xâu ký tự, thủ tục hàm và thư viện, kiểu bản ghi và tệp, đồ hoạ, con trỏ, cấp phát động, đệ quy. Đáp án, lời giải và một số đề thi Olympic tin học</subfield>
  </datafield>
  <datafield tag="700" ind1="1" ind2=" ">
   <subfield code="a">Hoàng Ngọc Bắc</subfield>
  </datafield>
  <datafield tag="942" ind1=" " ind2=" ">
   <subfield code="2">ddc</subfield>
   <subfield code="c">BK</subfield>
  </datafield>
  <datafield tag="952" ind1=" " ind2=" ">
   <subfield code="0">0</subfield>
   <subfield code="1">0</subfield>
   <subfield code="2">ddc</subfield>
   <subfield code="4">0</subfield>
   <subfield code="6">005_362000000000000_S464</subfield>
   <subfield code="7">0</subfield>
   <subfield code="9">1908</subfield>
   <subfield code="a">000001</subfield>
   <subfield code="b">000001</subfield>
   <subfield code="d">2017-10-24</subfield>
   <subfield code="o">005.362 S464</subfield>
   <subfield code="p">MD.04168</subfield>
   <subfield code="r">2017-10-24</subfield>
   <subfield code="v">68000.00</subfield>
   <subfield code="w">2017-10-24</subfield>
   <subfield code="y">BK</subfield>
  </datafield>
  <datafield tag="952" ind1=" " ind2=" ">
   <subfield code="0">0</subfield>
   <subfield code="1">0</subfield>
   <subfield code="2">ddc</subfield>
   <subfield code="4">0</subfield>
   <subfield code="6">005_362000000000000_S464</subfield>
   <subfield code="7">0</subfield>
   <subfield code="9">1909</subfield>
   <subfield code="a">000001</subfield>
   <subfield code="b">000001</subfield>
   <subfield code="d">2017-10-24</subfield>
   <subfield code="o">005.362 S464</subfield>
   <subfield code="p">MD.04169</subfield>
   <subfield code="r">2017-10-24</subfield>
   <subfield code="v">68000.00</subfield>
   <subfield code="w">2017-10-24</subfield>
   <subfield code="y">BK</subfield>
  </datafield>
  <datafield tag="952" ind1=" " ind2=" ">
   <subfield code="0">0</subfield>
   <subfield code="1">0</subfield>
   <subfield code="2">ddc</subfield>
   <subfield code="4">0</subfield>
   <subfield code="6">005_362000000000000_S464</subfield>
   <subfield code="7">0</subfield>
   <subfield code="9">1910</subfield>
   <subfield code="a">000001</subfield>
   <subfield code="b">000001</subfield>
   <subfield code="d">2017-10-24</subfield>
   <subfield code="l">1</subfield>
   <subfield code="o">005.362 S464</subfield>
   <subfield code="p">MD.04170</subfield>
   <subfield code="r">2019-08-26</subfield>
   <subfield code="s">2019-08-17</subfield>
   <subfield code="v">68000.00</subfield>
   <subfield code="w">2017-10-24</subfield>
   <subfield code="y">BK</subfield>
  </datafield>
  <datafield tag="980" ind1=" " ind2=" ">
   <subfield code="a">Thư viện Trường Đại học Nam Cần Thơ</subfield>
  </datafield>
 </record>
</collection>
